| 000 -CABECERA |
| fixed length control field |
01988nam a22002297a 4500 |
| 003 - IDENTIFICADOR DEL NÚMERO DE CONTROL |
| control field |
AR-CdUCM |
| 008 - DATOS DE LONGITUD FIJA--INFORMACIÓN GENERAL |
| fixed length control field |
190425b ||||| |||| 00| 0 spa d |
| 040 ## - FUENTE DE LA CATALOGACIÓN |
| Agencia/entidad que catalogó originalmente la obra |
MUNICIPALIDAD PROVINCIAL DEL CUSCO |
| Entidad que transcribió la catalogación |
BIBLIOTECA MUNICIPAL DEL CUSCO |
| 082 ## - NÚMERO DE LA CLASIFICACIÓN DECIMAL DEWEY |
| No. de Clasificación |
CsyArts/N°4/1966 |
| 245 ## - MENCIÓN DE TÍTULO |
| Título |
Ciencias y Artes : |
| Resto del título |
Revista Cultural del colegio Nacional de Ciencias / |
| 260 ## - PUBLICACIÓN, DISTRIBUCIÓN, ETC. |
| Lugar de publicación, distribución, etc. |
Cusco. |
| Nombre de la editorial, distribuidor, etc. |
Garcilaso, |
| Fecha de publicación, distribución, etc. |
1966. |
| 300 ## - DESCRIPCIÓN FÍSICA |
| Nº de Páginas Extensión |
280 páginas. : |
| Dimensiones |
24 cm. |
| 440 ## - MENCIÓN DE SERIE/PUNTO DE ACCESO ADICIONAL--TÍTULO |
| Título |
Revista Cultural del Colegio Nacional de Ciencias. |
| Número de la parte/sección de una obra |
Número 4, 1966. |
| 9 (RLIN) |
47316 |
| 505 ## - NOTA DE CONTENIDO CON FORMATO |
| Nota de contenido formateada |
Contenido: Los padres de familia frente a la educación actual. Cesar Rojas. -- José Gálvez Egusquiza. Alcides F. Estrada. -- Concepción del mestizo americano. Alfredo Yépez Miranda. -- El burro en la tradición cienciana y resumen histórico del colegio. Max Galdo Gamio. -- Homenaje a Tupac Amaru II. Cesar Sánchez Esquivel. -- Calca y el centenario del dos de mayo. Alcides F. Estrada. -- Las ideas generales. Moisés Tello Palomino. -- Costumbres de mi tierra. Miguel Sotomayor. -- Tupac Amaru II precursor de la independencia de América. Mario >Chavarría. -- José Marti la danza de un hombre en busca de la libertad. Luis Velazco Aragón. -- Algunas consideraciones sobre el proceso enseñanza aprendizaje. Víctor Segovia. -- Una deuda de los ciencianos con el plantel. Rafael Calderón. -- El Arte y la educación artística. Eduardo Pimentel. -- La vieja casa cienciana. Luis Felipe Paredes. -- El Tuco cuento regional premiado en Buenos Aires. Humberto Pacheco P. -- Palabras de despedida por el alumno Alipio León Abarca. -- Clorinda Matto de Turner. Edmundo Pimentel. -- La promoción cienciana de 1920. Julio G. Gutiérrez. -- Tres cantos a las glorias de ciencias. Ángel Avendaño.... |
| 650 ## - PUNTO DE ACCESO ADICIONAL DE MATERIA--TÉRMINO DE MATERIA |
| Descriptor |
Educación |
| 9 (RLIN) |
460 |
| 650 ## - PUNTO DE ACCESO ADICIONAL DE MATERIA--TÉRMINO DE MATERIA |
| Descriptor |
Colegio Nacional de Ciencias |
| 9 (RLIN) |
32159 |
| 700 ## - PUNTO DE ACCESO ADICIONAL--NOMBRE DE PERSONA |
| Nombre Personal |
Estrada, Alcides |
| 9 (RLIN) |
47179 |
| 700 ## - PUNTO DE ACCESO ADICIONAL--NOMBRE DE PERSONA |
| Nombre Personal |
Galdo Gamio, Max |
| 9 (RLIN) |
47317 |
| 700 ## - PUNTO DE ACCESO ADICIONAL--NOMBRE DE PERSONA |
| Nombre Personal |
Yépez Miranda, Alfredo |
| 9 (RLIN) |
4230 |
| 942 ## - ELEMENTOS DE PUNTO DE ACCESO ADICIONAL (KOHA) |
| Fuente de clasificación |
|
| Tipo de item |
Revistas cusqueñas |
| 945 ## - PROCESAMIENTO DE INFORMACIÓN LOCAL (OCLC) |
| Catalogador |
rac |